00713nam a2200181 i 450000100060000000300090000600500170001500700030003200800410003510000400007624500680011626000860018430000210027071000690029185200320036099900170039295201220040924683ES-MaACL20230906153111.0t|021218s1965 sp ||||1| spa d1 aAntonio y Guardias, Antonio.92198810aOda a Tarragona i altres poemes / cAntonio Antonio y Guardias. a[Tarragona] : bInstituto de Estudios Tarraconenses Ramón Berenguer IV, c1965. a92 p. ; c22 cm.2 aInstituto de Estudios Tarraconenses "Ramón Berenguer IV"94935 aES-MaACLjC-30260 bR.60248 c24683d24683 00104070aATENEOMbATENEOMcDEPO2d2008-01-17eSCl0oC-30260p1025450r2023-02-23 00:00:00w2023-02-23yMONOGRAFIA